01195nam a22003014a 4500001001200000003000800012006001900020007001500039008004100054010001700095020004700112040002100159035002100180050002700201082001900228100002900247245010100276250001200377260005100389300002500440504005100465533015200516650003600668655002900704710001700733856012600750999001700876ebr10228243CaPaEBRm u cr cn|||||||||050609s2006 maua sb 001 0 eng  z 2005016674 z1584504056 (pbk. with cd-rom : alk. paper) aCaPaEBRcCaPaEBR a(OCoLC)56832584914aHV8079.C65bB76 2006eb04a363.25/9682221 aBrown, Christopher L. T.10aComputer evidenceh[electronic resource] :bcollection & preservation /cChristopher L.T. Brown. a1st ed. aHingham, Mass. :bCharles River Media,cc2006. axxii, 394 p. :bill. aIncludes bibliographical references and index. aElectronic reproduction.bPalo Alto, Calif. :cebrary,d2013.nAvailable via World Wide Web.nAccess may be limited to ebrary affiliated libraries. 0aComputer crimesxInvestigation. 7aElectronic books.2local2 aebrary, Inc.40uhttp://site.ebrary.com/lib/rucke/Doc?id=10228243zAn electronic book accessible through the World Wide Web; click to view c38523d38523